Za Štefanom Murínom

Bibliographic Details
Main Author: Červeňák, Andrej, 1932-2012 (Author)
Format: Article
Language:Slovak
PhysicalDescription:Fotogr.
ISSN:0862-5999
Subjects:

MARC

LEADER 00000nab a2200000 a 4500
001 vtls009006263
003 SK-MaSNL
005 20260303185057.0
008 140422c2007 xo |||| | | |00 b|slo
015 |a SNBRB2007/07  |2 snkbucl 
038 |a SNKBUCL 
040 |a SNKBUCL  |b slo  |c SNKBUCL  |e AACR2 
041 0 |a slo 
044 |a xo  |c SK 
080 |a 341.7-051  |2 1997 
080 |a 82:929:821.162.4  |2 1997 
080 |a 821.162.4:929  |2 1997 
100 1 |a Červeňák, Andrej,  |d 1932-2012  |4 aut  |9 153402 
245 1 0 |a Za Štefanom Murínom  |c Andrej Červeňák 
300 |b Fotogr. 
600 1 7 |a Murín, Štefan,  |d 1934-2007  |2 snkbucl  |9 27860 
655 7 |a nekrológy  |2 snkbucl  |9 402542 
773 0 |t Literárny (dvoj)týždenník  |g Roč. XX, č. 25-26 (2007), s. 2  |x 0862-5999 
852 |a SNK  |b KIS3GCP 
958 |a LX 
958 |a SK 
999 |c 2129613  |d 2131543